Inselstaaten - Statistiken

Allgemein
  • Dieses Quiz wurde 89 mal gespielt
  • Das Durchschnittsergebnis liegt bei 42 aus 48
Antwortstatistiken
Inselstaat % Korrekt
Japan
98%
Malta
98%
Haiti
96%
Indonesien
96%
Mikronesien
96%
Philippinen
96%
Kap Verde
95%
Madagaskar
95%
Island
94%
Kuba
94%
Malediven
94%
St. Lucia
94%
Zypern
94%
Bahamas
93%
Barbados
93%
Dominikanische Republik
93%
Irland
93%
St. Vincent und die Grenadinen
93%
Vereinigtes Königreich
93%
Jamaika
92%
Palau
92%
Seychellen
92%
Tonga
92%
St. Kitts und Nevis
90%
Tuvalu
90%
Fidschi
89%
Vanuatu
89%
Marshallinseln
88%
Neuseeland
88%
Mauritius
87%
Sri Lanka
87%
Trinidad und Tobago
87%
Dominica
86%
Samoa
86%
São Tomé und Príncipe
86%
Komoren
84%
Salomonen
84%
Taiwan
84%
Nauru
83%
Osttimor
83%
Antigua und Barbuda
82%
Grenada
82%
Kiribati
81%
Papua-Neuguinea
81%
Singapur
75%
Brunei
70%
Bahrain
63%
Cookinseln
8%
Keine übereinstimmenden Quizze gefunden
Verteilung der Resultate
Anzahl Personen mit jedem Resultat
Perzentil nach korrekt beantworteten Fragen
Ihre Resultats-Entwicklung
Sie haben dieses Quiz noch nicht gespielt